000 00260nam a2200121 a 4500
005 20140414093829.0
008 970101s19uu xx 00 eng d
050 _aVHS 800
_bR 37
245 _aMacbeth.
440 _aTape 1
942 _cAVM
999 _c108601
_d108601